The Role of Social Media in Successful Building of Luxury Cosmetics Brand./The Case of Greece (Record no. 8609)
[ view plain ]
| 000 -LEADER | |
|---|---|
| fixed length control field | 01393cam a22001934a 4500 |
| 005 - ΗΜΕΡΟΜΗΝΙΑ ΚΑΙ ΩΡΑ ΤΕΛΕΥΤΑΙΑΣ ΕΝΗΜΕΡΩΣΗΣ | |
| Πεδίο ελέγχου | 20250605164341.0 |
| 008 - FIXED-LENGTH DATA ELEMENTS--GENERAL INFORMATION | |
| Πεδίο ελέγχου σταθερού μήκους | 250528s ||||||||||||||||||||||||d |
| 035 ## - SYSTEM CONTROL NUMBER | |
| System control number | 23609 |
| 040 ## - ΠΗΓΗ ΚΑΤΑΛΟΓΟΓΡΑΦΗΣΗΣ | |
| Φορέας πρωτότυπης καταλογογράφησης | MC Athens Campus Library |
| Γλώσσα καταλογογράφησης | Ελληνικά, Μοντέρνα (1453-) |
| Modifying agency | MC Athens Campus Library |
| Κανόνες περιγραφικής καταλογογράφησης | AACR2 |
| 245 1# - ΤΙΤΛΟΣ ΚΑΙ ΔΗΛΩΣΗ ΥΠΕΥΘΥΝΟΤΗΤΑΣ | |
| Τίτλος | The Role of Social Media in Successful Building of Luxury Cosmetics Brand./The Case of Greece |
| 260 ## - PUBLICATION, DISTRIBUTION, ETC. | |
| Date of publication, distribution, etc. | 2016 |
| 300 ## - PHYSICAL DESCRIPTION | |
| Extent | 80 |
| 520 ## - SUMMARY, ETC. | |
| Summary, etc. | Introduction, The Importance of Brands, Brand Equity, Aaker Brand Equity Model, Social Media and Consumers, Social Media and Business, Penetration of Social Media in Greece, Use of Markwting through Social Media, Sector Study of the Cosmetics Industry, General Characteristics of the Cosmetics Sector, the Demand of Cosmetics, Imports of Cosmetics - Countries of Origin, Total Market of Cosmetics, Total Market of Luxury Cosmetics, Market Forecasts, Conclusion - the Prospects of the Industry, Analysis of Competitive Environment - Porter's Five Forces Analysis, SWOT Analysis, Prospects, Defining the Luxury Construct, Social Media and Luxury Brands, Conclusion of Literature Review, Research Philosophy Design Method, Planning of the Questionnaires, Ethical Considerations, General Discussion, Conclusions, Recommendations, Bibliography, Appendix. |
| 700 1# - ΠΡΟΣΘΕΤΗ ΑΝΑΓΡΑΦΗ--ΦΥΣΙΚΟ ΠΡΟΣΩΠΟ | |
| Personal name | Natsikou Katerina |
| 9 (RLIN) | 9198 |
| 700 1# - ΠΡΟΣΘΕΤΗ ΑΝΑΓΡΑΦΗ--ΦΥΣΙΚΟ ΠΡΟΣΩΠΟ | |
| Personal name | Λουκοπούλου Αποστολία |
| 9 (RLIN) | 9195 |
| 942 ## - ADDED ENTRY ELEMENTS (KOHA) | |
| Koha item type | Διπλωματική εργασία |
| Τύπος τεκμηρίου | Βιβλιοθήκη | Τρέχουσα τοποθεσία | Barcode | Ημερομηνία απόκτησης | Ταξιθετικό σύμβολο | Αριθμός αντιτύπου | Κατάσταση απόσυρσης | Κατάσταση χαμένου | Κατάσταση κατεστραμμένου | Μη δανεισμός | Σύνολο δανεισμών | Ημερομηνία τελευταίας εμφάνισης | Η τιμή ισχύει από |
|---|---|---|---|---|---|---|---|---|---|---|---|---|---|
| Διπλωματική εργασία | MC Athens Campus Library | MC Athens Campus Library | 9780000086082 | 05/06/2025 | BUS 2016 (24) | 1 | 05/06/2025 | 05/06/2025 |